| 000 | 00491nam a22001937a 4500 | ||
|---|---|---|---|
| 003 | LK-CoDNM | ||
| 005 | 20250107102818.0 | ||
| 008 | 241220b |||||||| |||| 00| 0 eng d | ||
| 040 |
_aLK-CoDNM _dLK-CoDNM _eLK-CoDNM |
||
| 041 | _aeng | ||
| 080 |
_a4 _bF10 |
||
| 100 | _aSAMITH,MALCOLM | ||
| 245 | _aTHE FATUNA OF BRITISH INDIA INCULDING CEYLON AND BURMA | ||
| 260 |
_c1935 _aLONDON |
||
| 300 | _axiii, 440P. : ill ; 24 cm | ||
| 490 | _vVOL 2 | ||
| 650 | _ascience | ||
| 942 | _cBK | ||
| 999 |
_c235192 _d235192 |
||